| 000 | 01094nam a22002537a 4500 | ||
|---|---|---|---|
| 005 | 20100520153424.0 | ||
| 008 | 100520t xxu||||| |||| 00| 0 hin d | ||
| 010 | _aHIN-89401 | ||
| 020 |
_a9788171786077 _c150.00 |
||
| 035 | _aHN-61747 | ||
| 037 | _bDBAD/PUB | ||
| 040 |
_aDPL _bHN |
||
| 082 | _a821 | ||
| 100 |
_aआलोकधन्वा _918273 |
||
| 245 |
_aदुनिया रोज बनती है / _cआलोकधन्वा |
||
| 246 |
_aDuniya roj banati hai/ _bby Aalokadhanwa |
||
| 260 |
_aनई दिल्ली _bराजकमल प्रकाशन _c2009 (तीसरी आवृति) |
||
| 270 |
_a1-बी, नेताजी सुभाष मा्र्ग _bनई दिल्ली _e110002 |
||
| 300 |
_a96पृ _c22सेमी (सजिल्द) |
||
| 650 |
_aहिन्दी कविता _9697 |
||
| 650 |
_ahindi poetry _9698 |
||
| 942 |
_2ddc _cHN _mआलोक |
||
| 999 |
_c36252 _d36252 |
||